[Event "SVK-ch U14"]
[Site "Tatralandia"]
[Date "2024.04.12"]
[Round "9"]
[White "Durovka, Marek"]
[Black "Meszaros, Casey Ryan"]
[Result "1-0"]
[WhiteElo "1916"]
[BlackElo "1999"]
[PlyCount "73"]
[EventDate "2024.04.05"]
[EventType "swiss"]
[EventRounds "9"]
[EventCountry "SVK"]
[SourceTitle "CB16_2024"]
[SourceDate "2024.04.17"]
[SourceVersion "1"]
[SourceVersionDate "2024.04.17"]
[SourceQuality "1"]

1. d4 Nf6 2. Nf3 e6 3. c4 b6 4. g3 Bb7 5. Bg2 Be7 6. 0-0 0-0 7. Nc3 d5 8. Ne5 c5 9. cxd5 Nxd5 10. e4 Nxc3 11. bxc3 cxd4 12. cxd4 Nd7 13. Nxd7 Qxd7 14. Bb2 Bf6 15. Qg4 Rfd8 16. Rfd1 g6 17. Rac1 Bg7 18. Qe2 Rac8 19. Rxc8 Rxc8 20. d5 Bxb2 21. Qxb2 exd5 22. exd5 Qd6 23. Qd4 a6 24. h4 h5 25. Re1 Rd8 26. Re5 b5 27. Rg5 Kh7 28. Be4 Kg8 29. g4 hxg4 30. h5 Qf4 31. h6 Kf8 32. h7 Ke7 33. d6+ Rxd6 34. Qe5+ Kd7 35. Qxf4 Rd1+ 36. Kg2 f5 37. Bxb7 1-0

[Event "SVK-ch U14"]
[Site "Tatralandia"]
[Date "2024.04.07"]
[Round "4"]
[White "Durovka, Marek"]
[Black "Klenko, David"]
[Result "1-0"]
[WhiteElo "1916"]
[BlackElo "1598"]
[PlyCount "57"]
[EventDate "2024.04.05"]
[EventType "swiss"]
[EventRounds "9"]
[EventCountry "SVK"]
[SourceTitle "CB16_2024"]
[SourceDate "2024.04.17"]
[SourceVersion "1"]
[SourceVersionDate "2024.04.17"]
[SourceQuality "1"]

1. d4 d5 2. Nf3 Nf6 3. e3 Bf5 4. Bd3 Bg6 5. 0-0 e6 6. Qe2 Bd6 7. Nbd2 Nbd7 8. e4 dxe4 9. Nxe4 Nxe4 10. Bxe4 c6 11. c4 Bxe4 12. Qxe4 Nf6 13. Qe2 Qc7 14. Bg5 Ng4 15. h3 Nh2 16. Rfe1 Nxf3+ 17. Qxf3 h6 18. Bd2 g5 19. d5 cxd5 20. cxd5 Qd7 21. Qf6 Rh7 22. dxe6 fxe6 23. Rxe6+ Be7 24. Bb4 Rf7 25. Qh8+ Rf8 26. Qe5 Rf7 27. Bxe7 Rxe7 28. Qh8+ Kf7 29. Rf6# 1-0

[Event "SVK-ch U14"]
[Site "Tatralandia"]
[Date "2024.04.06"]
[Round "2"]
[White "Durovka, Marek"]
[Black "Pauko, Sebastian"]
[Result "1-0"]
[WhiteElo "1916"]
[BlackElo "1249"]
[PlyCount "81"]
[EventDate "2024.04.05"]
[EventType "swiss"]
[EventRounds "9"]
[EventCountry "SVK"]
[SourceTitle "CB16_2024"]
[SourceDate "2024.04.17"]
[SourceVersion "1"]
[SourceVersionDate "2024.04.17"]
[SourceQuality "1"]

1. c4 Nf6 2. Nc3 c5 3. e4 e5 4. g3 Nc6 5. Bg2 g6 6. Nge2 Bg7 7. d3 d6 8. 0-0 Nd7 9. Nd5 Nb6 10. f4 Nxd5 11. cxd5 Nd4 12. Nxd4 cxd4 13. f5 0-0 14. Qf3 Qf6 15. g4 h6 16. Bd2 Bd7 17. Qg3 g5 18. Rac1 Rac8 19. Bf3 Rxc1 20. Rxc1 Rc8 21. Rc4 b5 22. Rxc8+ Bxc8 23. Qe1 Qd8 24. Ba5 Qd7 25. Qc1 Bb7 26. Qc7 Qxc7 27. Bxc7 Bf8 28. f6 Kh7 29. Kf2 Kg6 30. Bd8 Bc8 31. Ke2 h5 32. h3 a5 33. gxh5+ Kh7 34. Bg4 Bxg4+ 35. hxg4 a4 36. Kd2 Kg8 37. b3 axb3 38. a3 Bh6 39. Be7 Bf8 40. Kc1 Bg7 41. fxg7 1-0

[Event "Skalica op-A"]
[Site "Skalica"]
[Date "2023.08.20"]
[Round "2"]
[White "Durovka, Marek"]
[Black "Skreko, Igor1111"]
[Result "0-1"]
[WhiteElo "1960"]
[BlackElo "2096"]
[PlyCount "108"]
[EventDate "2023.08.19"]
[EventType "swiss"]
[EventRounds "9"]
[EventCountry "SVK"]
[SourceTitle "CBM 215 Extra"]
[Source "ChessBase"]
[SourceDate "2023.09.30"]
[SourceVersion "1"]
[SourceVersionDate "2023.09.30"]
[SourceQuality "1"]

1. Nf3 Nf6 2. g3 g6 3. Bg2 Bg7 4. 0-0 0-0 5. c4 d6 6. Nc3 e5 7. d4 Nbd7 8. e4 exd4 9. Nxd4 Re8 10. h3 Nc5 11. Re1 Bd7 12. b3 h6 13. Bb2 Qc8 14. Kh2 Re5 15. g4 c6 16. b4 Na6 17. Nde2 Nxb4 18. a3 Na6 19. Na4 Re8 20. Nf4 Qc7 21. Kg1 Rad8 22. Qb3 Bc8 23. Rad1 Nd7 24. Bxg7 Kxg7 25. Qc3+ Kg8 26. Qd4 Nac5 27. Nxc5 Nxc5 28. Nd3 Nxd3 29. Rxd3 Be6 30. Rb1 a6 31. Rb6 Bxc4 32. Rxb7 Qxb7 33. Qxc4 Qb1+ 34. Kh2 Qb5 35. Qc3 Qe5+ 36. Qxe5 Rxe5 37. f4 Rc5 38. Kg3 d5 39. exd5 cxd5 40. Kf3 d4 41. Bf1 Rc1 42. Be2 Kg7 43. Bd1 Rc3 44. Ke2 Re8+ 45. Kd2 Rxd3+ 46. Kxd3 Re3+ 47. Kxd4 Rxa3 48. h4 Ra1 49. Bf3 a5 50. Bd5 a4 51. Kc3 Rb1 52. f5 gxf5 53. gxf5 a3 54. Bc4 Rc1+ 0-1

[Event "Pobeskydy Talents op 42nd"]
[Site "Frydek Mistek"]
[Date "2023.04.09"]
[Round "8"]
[White "Durovka, Marek"]
[Black "Zezula, Jakub"]
[Result "1-0"]
[WhiteElo "1735"]
[BlackElo "1913"]
[PlyCount "71"]
[EventDate "2023.04.06"]
[EventType "swiss"]
[EventRounds "9"]
[EventCountry "CZE"]
[SourceTitle "EXT 2024"]
[Source "ChessBase"]
[SourceDate "2023.10.10"]
[SourceVersion "1"]
[SourceVersionDate "2023.10.10"]
[SourceQuality "1"]

1. d4 d5 2. Nf3 Nf6 3. e3 c5 4. c3 Nc6 5. Bd3 Bg4 6. Nbd2 e6 7. 0-0 Bd6 8. dxc5 Bxc5 9. e4 0-0 10. Qe2 Ne5 11. exd5 Nxf3+ 12. Nxf3 Nxd5 13. Rd1 Qe7 14. Be4 Rad8 15. a3 h6 16. h3 Bxf3 17. Bxf3 Rfe8 18. Bd2 Bb6 19. c4 Nf6 20. Bc3 e5 21. Rxd8 Bxd8 22. Re1 e4 23. Bxf6 Qxf6 24. Bxe4 Kh8 25. Qc2 Qe5 26. Re2 Bc7 27. g3 Bb6 28. Kg2 Qg5 29. Bxb7 Rd8 30. Bd5 h5 31. Qd2 Qg6 32. Qf4 f6 33. Be4 Qf7 34. Qf5 Kg8 35. Bd5 Rxd5 36. Qxd5 1-0

[Event "SVK-chT2C 2223"]
[Site "Slovakia"]
[Date "2023.03.25"]
[Round "10.5"]
[White "Zavarsky, Juraj"]
[Black "Durovka, Marek"]
[Result "1-0"]
[WhiteElo "1949"]
[BlackElo "1649"]
[PlyCount "65"]
[EventDate "2022.10.08"]
[EventType "team-tourn"]
[EventRounds "11"]
[EventCountry "SVK"]
[SourceTitle "EXT 2024"]
[Source "ChessBase"]
[SourceDate "2023.10.10"]
[SourceVersion "1"]
[SourceVersionDate "2023.10.10"]
[SourceQuality "1"]
[WhiteTeam "Martin Medea"]
[BlackTeam "Detva"]
[WhiteTeamCountry "SVK"]
[BlackTeamCountry "SVK"]

1. e4 c5 2. Nf3 Nc6 3. Nc3 g6 4. d4 cxd4 5. Nxd4 Bg7 6. Be3 Nf6 7. Bc4 0-0 8. Bb3 d6 9. f3 Bd7 10. Qd2 Rc8 11. 0-0-0 Ne5 12. h4 h5 13. Bh6 Nc4 14. Bxc4 Rxc4 15. Bxg7 Kxg7 16. Kb1 a6 17. g4 hxg4 18. h5 Rh8 19. hxg6 fxg6 20. fxg4 Bxg4 21. Rdg1 e5 22. Nde2 Rxh1 23. Rxh1 Bxe2 24. Qxe2 Qc8 25. Qd2 Qf8 26. Qh6+ Kf7 27. Qh4 Qg7 28. Rf1 g5 29. Qf2 Ke7 30. Qb6 Ke6 31. Qb3 b5 32. a4 Qc7 33. Rxf6+ 1-0

[Event "SVK-chT2C 2223"]
[Site "Slovakia"]
[Date "2023.02.12"]
[Round "9.6"]
[White "Sulgan, Igor"]
[Black "Durovka, Marek"]
[Result "0-1"]
[WhiteElo "1853"]
[BlackElo "1649"]
[PlyCount "64"]
[EventDate "2022.10.08"]
[EventType "team-tourn"]
[EventRounds "11"]
[EventCountry "SVK"]
[SourceTitle "EXT 2024"]
[Source "ChessBase"]
[SourceDate "2023.10.10"]
[SourceVersion "1"]
[SourceVersionDate "2023.10.10"]
[SourceQuality "1"]
[WhiteTeam "Cadca Caissa II"]
[BlackTeam "Detva"]
[WhiteTeamCountry "SVK"]
[BlackTeamCountry "SVK"]

1. d4 d5 2. c4 c6 3. Nc3 Nf6 4. Nf3 dxc4 5. e3 b5 6. a4 Nd5 7. e4 Nxc3 8. bxc3 e6 9. Bf4 Bd6 10. e5 Be7 11. h4 h6 12. g3 Bb7 13. Bg2 Nd7 14. 0-0 Nb6 15. a5 Nd5 16. a6 Bc8 17. Qc1 Qb6 18. Nh2 Bxa6 19. h5 Bb7 20. Bxd5 cxd5 21. Ng4 Bc6 22. Be3 a5 23. f4 Bd7 24. Nh2 Kd8 25. Rf2 Kc7 26. Nf3 b4 27. Nd2 Rhb8 28. Rf3 bxc3 29. Nxc4 dxc4 30. Qxc3 Qb4 31. Qc2 Qb3 32. Qf2 Bc6 0-1

[Event "SVK-chT2C 2223"]
[Site "Slovakia"]
[Date "2022.11.13"]
[Round "4.7"]
[White "Zbin, Slavomir"]
[Black "Durovka, Marek"]
[Result "0-1"]
[WhiteElo "1394"]
[BlackElo "1657"]
[PlyCount "78"]
[EventDate "2022.10.08"]
[EventType "team-tourn"]
[EventRounds "11"]
[EventCountry "SVK"]
[SourceTitle "EXT 2024"]
[Source "ChessBase"]
[SourceDate "2023.10.10"]
[SourceVersion "1"]
[SourceVersionDate "2023.10.10"]
[SourceQuality "1"]
[WhiteTeam "Zilina Mladost III"]
[BlackTeam "Detva"]
[WhiteTeamCountry "SVK"]
[BlackTeamCountry "SVK"]

1. e4 c5 2. Nf3 Nc6 3. d4 cxd4 4. Nxd4 g6 5. Nxc6 bxc6 6. Qd4 Nf6 7. Nc3 Bg7 8. Bd3 0-0 9. Qe3 d5 10. Qc5 Bb7 11. 0-0 Nd7 12. Qa3 e5 13. Ne2 d4 14. c3 c5 15. cxd4 exd4 16. Bg5 Qxg5 17. f4 Qf6 18. Qa4 Nb6 19. Qb5 Qc6 20. Qa5 c4 21. Rac1 Qe6 22. f5 gxf5 23. Nf4 Qe5 24. Qxe5 Bxe5 25. Bxc4 Nxc4 26. Rxc4 Ba6 27. Rc5 Bxf1 28. Rxe5 Bc4 29. b3 d3 30. bxc4 d2 31. Rd5 Rad8 32. Rxd2 Rxd2 33. exf5 Re8 34. h3 Re4 35. Nh5 Ree2 36. Nf4 Rf2 37. g3 Rxa2 38. h4 Rfb2 39. f6 Ra1# 0-1

[Event "SVK-chT2C 2223"]
[Site "Slovakia"]
[Date "2022.10.09"]
[Round "2.7"]
[White "Janik, Marek Tobias"]
[Black "Durovka, Marek"]
[Result "1-0"]
[WhiteElo "1823"]
[BlackElo "1649"]
[PlyCount "93"]
[EventDate "2022.10.08"]
[EventType "team-tourn"]
[EventRounds "11"]
[EventCountry "SVK"]
[SourceTitle "CBM 210 Extra"]
[Source "ChessBase"]
[SourceDate "2022.11.30"]
[SourceVersion "1"]
[SourceVersionDate "2022.11.30"]
[SourceQuality "1"]
[WhiteTeam "Liptov Chess School III"]
[BlackTeam "Detva"]
[WhiteTeamCountry "SVK"]
[BlackTeamCountry "SVK"]

1. e4 e6 2. c4 d5 3. exd5 exd5 4. cxd5 Qxd5 5. Nc3 Qd8 6. Nf3 Nf6 7. Bc4 Bd6 8. 0-0 0-0 9. d4 Bg4 10. Be3 Nc6 11. h3 Bh5 12. Be2 h6 13. Qd2 Ne7 14. Rad1 c6 15. Ne5 Bxe2 16. Qxe2 Nfd5 17. Ne4 f5 18. Nc5 Bxc5 19. dxc5 Qc7 20. Bd4 Rae8 21. Qf3 Kh7 22. Qg3 Nf6 23. Ng6 Qxg3 24. Nxf8+ Rxf8 25. fxg3 Ne4 26. g4 Ng3 27. Rf3 f4 28. Bf2 Re8 29. Bxg3 fxg3 30. Rxg3 Nd5 31. Kf2 Re4 32. Rb3 Re7 33. Re1 Rf7+ 34. Kg3 Rc7 35. Re8 b6 36. Rb8 bxc5 37. R3b7 Rxb7 38. Rxb7 a6 39. Ra7 Nb4 40. a3 Nd3 41. Rxa6 Nxb2 42. Rxc6 c4 43. Kf4 Kg8 44. Ke4 Kf8 45. Kd4 Ke7 46. Rc7+ Kf6 47. Rxc4 1-0

[Event "Wch U12"]
[Site "Batumi"]
[Date "2022.09.25"]
[Round "9"]
[White "Qian, Eric"]
[Black "Durovka, Marek"]
[Result "0-1"]
[WhiteElo "1572"]
[BlackElo "1725"]
[PlyCount "56"]
[EventDate "2022.09.16"]
[EventType "swiss"]
[EventRounds "11"]
[EventCountry "GEO"]
[SourceTitle "EXT 2023"]
[Source "ChessBase"]
[SourceDate "2022.10.05"]
[SourceVersion "1"]
[SourceVersionDate "2022.10.05"]
[SourceQuality "1"]

1. e4 c5 2. Nf3 e6 3. g3 Nc6 4. Bg2 Nf6 5. Qe2 e5 6. 0-0 Be7 7. d3 d6 8. Be3 0-0 9. Nc3 h6 10. h3 Be6 11. Ne1 d5 12. Bd2 d4 13. Nd1 Nd7 14. f4 f6 15. f5 Bf7 16. Nf3 b5 17. g4 c4 18. h4 Nb4 19. Ne1 Rc8 20. a3 Nxc2 21. Nxc2 cxd3 22. Qxd3 Bc4 23. Qg3 Bxf1 24. Bxf1 Rxc2 25. Qb3+ Rc4 26. Bxc4+ bxc4 27. Qxc4+ Kh8 28. Nf2 Nb6 0-1

[Event "Wch U12"]
[Site "Batumi"]
[Date "2022.09.21"]
[Round "6"]
[White "Durovka, Marek"]
[Black "Chankseliani, Davit"]
[Result "1/2-1/2"]
[WhiteElo "1725"]
[BlackElo "1354"]
[PlyCount "42"]
[EventDate "2022.09.16"]
[EventType "swiss"]
[EventRounds "11"]
[EventCountry "GEO"]
[SourceTitle "EXT 2023"]
[Source "ChessBase"]
[SourceDate "2022.10.05"]
[SourceVersion "1"]
[SourceVersionDate "2022.10.05"]
[SourceQuality "1"]

1. d4 d5 2. Bf4 c5 3. c3 Nc6 4. e3 Nf6 5. Bd3 e6 6. Nf3 Be7 7. Nbd2 0-0 8. Ne5 h6 9. 0-0 Nd7 10. Bg3 Ndxe5 11. dxe5 b6 12. Qh5 Bb7 13. Nf3 Qc7 14. Rac1 Rfd8 15. h4 Bf8 16. Qg4 Ne7 17. h5 Qc8 18. Nh4 Ba6 19. Bxa6 Qxa6 20. Bf4 Kh8 21. a3 Qc4 1/2-1/2

[Event "Skalica op-B"]
[Site "Skalica"]
[Date "2022.08.25"]
[Round "6"]
[White "Kapolkova, Greta"]
[Black "Durovka, Marek"]
[Result "0-1"]
[WhiteElo "1757"]
[BlackElo "1838"]
[PlyCount "96"]
[EventDate "2022.08.20"]
[EventType "swiss"]
[EventRounds "9"]
[EventCountry "SVK"]
[SourceTitle "CBM 209 Extra"]
[Source "ChessBase"]
[SourceDate "2022.09.30"]
[SourceVersion "1"]
[SourceVersionDate "2022.09.30"]
[SourceQuality "1"]

1. e4 c5 2. Nf3 Nc6 3. b3 b6 4. g3 Bb7 5. Bg2 Nf6 6. e5 Nxe5 7. Nxe5 Bxg2 8. Rg1 Bd5 9. Nc3 e6 10. Nxd5 exd5 11. Ng4 Nxg4 12. Qxg4 Qf6 13. Rb1 Qe6+ 14. Qe2 Qxe2+ 15. Kxe2 0-0-0 16. f3 Bd6 17. Kf2 h5 18. Bb2 d4 19. b4 f6 20. bxc5 bxc5 21. Ba3 Kc7 22. Rge1 Rb8 23. Rf1 Kc6 24. Rb3 Rxb3 25. axb3 h4 26. Kg2 h3+ 27. Kf2 Re8 28. Ra1 Bc7 29. Bb2 Bb6 30. d3 Kb5 31. Bc1 Ba5 32. Bb2 Re6 33. f4 f5 34. Kf3 Re1 35. Kf2 Rxa1 36. Bxa1 d5 37. Bb2 Bd2 38. Kf3 Kb4 39. g4 g6 40. gxf5 gxf5 41. Kg3 a5 42. Kxh3 Bxf4 43. Kg2 Be3 44. Kf3 c4 45. bxc4 dxc4 46. dxc4 Kxc4 47. c3 dxc3 48. Bxc3 Kxc3 0-1

[Event "Skalica op-B"]
[Site "Skalica"]
[Date "2022.08.20"]
[Round "1"]
[White "Durovka, Marek"]
[Black "Sahidi, Shabir"]
[Result "0-1"]
[WhiteElo "1838"]
[BlackElo "1533"]
[PlyCount "78"]
[EventDate "2022.08.20"]
[EventType "swiss"]
[EventRounds "9"]
[EventCountry "SVK"]
[SourceTitle "CBM 209 Extra"]
[Source "ChessBase"]
[SourceDate "2022.09.30"]
[SourceVersion "1"]
[SourceVersionDate "2022.09.30"]
[SourceQuality "1"]

1. d4 d5 2. Nf3 Nf6 3. e3 c6 4. Bd3 e6 5. Nbd2 Bd6 6. 0-0 0-0 7. c3 Nbd7 8. e4 dxe4 9. Nxe4 Nxe4 10. Bxe4 Nf6 11. Bc2 h6 12. Qe2 Re8 13. Ne5 Qc7 14. Bf4 Nd5 15. Bg3 b6 16. Qe4 f5 17. Qd3 Bb7 18. Nc4 Bxg3 19. fxg3 Ba6 20. b3 c5 21. g4 g6 22. Qh3 Qg7 23. gxf5 exf5 24. Qf3 Rad8 25. dxc5 bxc5 26. Rfd1 Nxc3 27. Rd3 Rxd3 28. Bxd3 Ne2+ 29. Bxe2 Qxa1+ 30. Kf2 Qd4+ 31. Kf1 Kg7 32. Qc6 Qe4 33. Qd7+ Re7 34. Qd2 Bxc4 35. Bxc4 Qe3 36. Qb2+ Re5 37. Be2 Qf4+ 38. Kg1 Qd4+ 39. Qxd4 cxd4 0-1

[Event "SVK-ch U12"]
[Site "Stara Lubovna"]
[Date "2022.05.26"]
[Round "7"]
[White "Ropovik, Samuel"]
[Black "Durovka, Marek"]
[Result "0-1"]
[WhiteElo "1453"]
[BlackElo "1827"]
[PlyCount "84"]
[EventDate "2022.05.21"]
[EventType "swiss"]
[EventRounds "9"]
[EventCountry "SVK"]
[SourceTitle "CBM 208 Extra"]
[Source "ChessBase"]
[SourceDate "2022.07.31"]
[SourceVersion "1"]
[SourceVersionDate "2022.07.31"]
[SourceQuality "1"]

1. e4 e6 2. d4 d5 3. Nd2 Nc6 4. Ngf3 Nf6 5. e5 Nd7 6. c3 f6 7. exf6 Qxf6 8. Bd3 Bd6 9. 0-0 0-0 10. Re1 Kh8 11. Qb3 Qf7 12. Re2 e5 13. dxe5 Ndxe5 14. Bc2 Bg4 15. Nxe5 Nxe5 16. f3 Bd7 17. Bd1 a6 18. a4 b5 19. a5 Rab8 20. Rb1 b4 21. cxb4 Rxb4 22. Qc3 Rfb8 23. Nf1 Rc4 24. Qd2 Qg6 25. Rxe5 Bxe5 26. Qxd5 Be6 27. Qxe5 Qxb1 28. Qxe6 Rxc1 29. Be2 Qg6 30. Qe3 Rc6 31. Bd3 Qe6 32. Be4 Rc4 33. Nd2 Rc1+ 34. Kf2 Rxb2 35. Qd3 Rd1 36. Ke3 Rdxd2 37. Qc3 Rb3 38. Kxd2 Rxc3 39. Kxc3 Qa2 40. Bc2 Qxa5+ 41. Kd3 c5 42. Ke2 c4 0-1

[Event "SVK-ch U12"]
[Site "Stara Lubovna"]
[Date "2022.05.22"]
[Round "2"]
[White "Durovka, Marek"]
[Black "Ziman, Damian"]
[Result "1-0"]
[WhiteElo "1827"]
[BlackElo "1293"]
[PlyCount "49"]
[EventDate "2022.05.21"]
[EventType "swiss"]
[EventRounds "9"]
[EventCountry "SVK"]
[SourceTitle "CBM 208 Extra"]
[Source "ChessBase"]
[SourceDate "2022.07.31"]
[SourceVersion "1"]
[SourceVersionDate "2022.07.31"]
[SourceQuality "1"]

1. Nf3 Nc6 2. d4 d5 3. c4 e6 4. Nc3 Nf6 5. e3 Bd6 6. a3 dxc4 7. Bxc4 0-0 8. Bb5 Bd7 9. e4 e5 10. Bxc6 Bxc6 11. dxe5 Be7 12. Qxd8 Raxd8 13. exf6 Bxf6 14. Nd2 Rfe8 15. f3 Bh4+ 16. g3 Bf6 17. 0-0 b6 18. Nb3 Bb7 19. Bf4 Ba6 20. Rfd1 Rc8 21. Nd4 c6 22. Rac1 Red8 23. e5 Be7 24. Ne4 Bf8 25. Rd2 1-0

[Event "SVK-chT1E 2122"]
[Site "Slovakia"]
[Date "2022.05.15"]
[Round "11.8"]
[White "Durovka, Marek"]
[Black "Ropovik, Samuel"]
[Result "1-0"]
[WhiteElo "1827"]
[BlackElo "1453"]
[PlyCount "75"]
[EventDate "2022.01.29"]
[EventType "team-tourn"]
[EventRounds "11"]
[EventCountry "SVK"]
[SourceTitle "EXT 2023"]
[Source "ChessBase"]
[SourceDate "2022.10.05"]
[SourceVersion "1"]
[SourceVersionDate "2022.10.05"]
[SourceQuality "1"]
[WhiteTeam "Banska Bystrica Junior"]
[BlackTeam "Humenne Reinter II"]
[WhiteTeamCountry "SVK"]
[BlackTeamCountry "SVK"]

1. d4 Nf6 2. Nf3 g6 3. g3 Bg7 4. Bg2 0-0 5. 0-0 d5 6. c3 Nbd7 7. Nbd2 c5 8. Re1 Qc7 9. e4 dxe4 10. Nxe4 Nxe4 11. Rxe4 Nf6 12. Bf4 Qd8 13. Re1 Be6 14. dxc5 Bd5 15. Qe2 e6 16. Rad1 Qa5 17. Bd6 Rfd8 18. c4 Bc6 19. a3 Nd7 20. Ng5 e5 21. Bxc6 bxc6 22. Be7 Nf8 23. Bxd8 Rxd8 24. Rxd8 Qxd8 25. Ne4 Ne6 26. Rd1 Nd4 27. Qe3 f5 28. Nd6 Qb8 29. b4 Bf8 30. f4 Bh6 31. Kf2 a5 32. Qxe5 Bg7 33. Qe8+ Qxe8 34. Nxe8 Bh8 35. bxa5 Ne6 36. a6 Bd4+ 37. Rxd4 Nxd4 38. a7 1-0

[Event "SVK-chT2C 2122"]
[Site "Slovakia"]
[Date "2022.03.27"]
[Round "9.7"]
[White "Hyll, Jan"]
[Black "Durovka, Marek"]
[Result "1/2-1/2"]
[WhiteElo "1911"]
[BlackElo "1801"]
[PlyCount "115"]
[EventDate "2021.10.16"]
[EventType "team-tourn"]
[EventRounds "11"]
[EventCountry "SVK"]
[SourceTitle "EXT 2023"]
[Source "ChessBase"]
[SourceDate "2022.10.05"]
[SourceVersion "1"]
[SourceVersionDate "2022.10.05"]
[SourceQuality "1"]
[WhiteTeam "Martin Medea"]
[BlackTeam "Detva"]
[WhiteTeamCountry "SVK"]
[BlackTeamCountry "SVK"]

1. d4 d5 2. e3 Nf6 3. Bd3 c5 4. c3 Nc6 5. Nf3 e6 6. 0-0 Bd6 7. Nbd2 0-0 8. Qe2 Qc7 9. h3 b6 10. Re1 e5 11. dxe5 Nxe5 12. Nxe5 Bxe5 13. e4 Re8 14. Nf3 dxe4 15. Nxe5 Qxe5 16. Bb5 Bd7 17. Be3 Rad8 18. Rad1 Bxb5 19. Qxb5 Rd5 20. Qa4 Re7 21. Rxd5 Nxd5 22. Rd1 h6 23. Bc1 Kh7 24. Qc6 Nf6 25. Be3 Rc7 26. Qa4 Qe6 27. Bf4 Rd7 28. Rxd7 Qxd7 29. Qxd7 Nxd7 30. Kf1 Kg6 31. Ke2 Kf5 32. Ke3 Nf6 33. c4 h5 34. a4 Nd7 35. b3 Ne5 36. f3 exf3 37. gxf3 g5 38. Bg3 f6 39. Be1 Nc6 40. Bg3 Ne5 41. Bh2 h4 42. f4 Nc6 43. fxg5 fxg5 44. Bd6 Ne5 45. a5 g4 46. axb6 axb6 47. Bxe5 Kxe5 48. hxg4 h3 49. Kf3 h2 50. Kg2 h1Q+ 51. Kxh1 Kf4 52. Kg2 Kxg4 53. Kf2 Kf4 54. Ke2 Ke4 55. Kd2 Kd4 56. Kc2 Ke3 57. Kc3 Ke4 58. Kc2 1/2-1/2

[Event "SVK-chT2C 2122"]
[Site "Slovakia"]
[Date "2022.03.26"]
[Round "8.6"]
[White "Sibrava, Patrik"]
[Black "Durovka, Marek"]
[Result "0-1"]
[WhiteElo "1836"]
[BlackElo "1801"]
[PlyCount "92"]
[EventDate "2021.10.16"]
[EventType "team-tourn"]
[EventRounds "11"]
[EventCountry "SVK"]
[SourceTitle "EXT 2023"]
[Source "ChessBase"]
[SourceDate "2022.10.05"]
[SourceVersion "1"]
[SourceVersionDate "2022.10.05"]
[SourceQuality "1"]
[WhiteTeam "Dunajov III"]
[BlackTeam "Detva"]
[WhiteTeamCountry "SVK"]
[BlackTeamCountry "SVK"]

1. e4 c5 2. Nf3 Nc6 3. d4 cxd4 4. Nxd4 g6 5. Nxc6 bxc6 6. c4 Bg7 7. Nc3 Rb8 8. Bd3 d6 9. 0-0 Nf6 10. h3 0-0 11. Rb1 Be6 12. Be3 Qc7 13. Qc2 Rfc8 14. Rfc1 Qb7 15. Qa4 c5 16. Nd5 Nxd5 17. exd5 Bd7 18. Qd1 Qa6 19. Rc2 Qxa2 20. Ra1 Qb3 21. Rxa7 Ba4 22. Qe2 Bf6 23. g4 Ra8 24. Rxa8 Rxa8 25. g5 Bg7 26. Rd2 Bd7 27. Kg2 Ra2 28. Bc2 Qb4 29. b3 Bc3 30. Rd1 Bf5 31. Rc1 Qa3 32. Qd1 Bxc2 33. Qg4 Bf5 34. Qg3 Be5 35. Qf3 Qxb3 36. h4 Qd3 37. Kg1 Bd4 38. Qf4 Bxe3 39. Qxe3 Qxe3 40. fxe3 Rb2 41. Rc3 Rc2 42. Ra3 Rxc4 43. Ra8+ Kg7 44. Re8 Re4 45. Kf2 c4 46. Rc8 Bxc8 0-1

[Event "EU-ch Schools U11"]
[Site "Tornelo INT"]
[Date "2021.12.03"]
[Round "2"]
[White "Durovka, Marek"]
[Black "Gogiashvili, Demetre"]
[Result "0-1"]
[WhiteElo "1659"]
[BlackElo "1087"]
[PlyCount "58"]
[EventDate "2021.12.03"]
[EventType "swiss (rapid)"]
[EventRounds "7"]
[EventCountry "NET"]
[SourceTitle "EXT 2023"]
[Source "ChessBase"]
[SourceDate "2022.10.05"]
[SourceVersion "1"]
[SourceVersionDate "2022.10.05"]
[SourceQuality "1"]

1. d4 Nf6 2. Nf3 d5 3. e3 e6 4. Bd3 c5 5. c3 Be7 6. Nbd2 0-0 7. 0-0 Nc6 8. dxc5 Bxc5 9. e4 e5 10. exd5 Qxd5 11. Nb3 e4 12. Bxe4 Qxd1 13. Rxd1 Nxe4 14. Re1 Bxf2+ 15. Kh1 Bxe1 16. Nxe1 Bf5 17. Bf4 Nf2+ 18. Kg1 Nd3 19. Nxd3 Bxd3 20. Re1 Rfe8 21. Be3 f5 22. g3 g5 23. Nc5 f4 24. gxf4 gxf4 25. Nxd3 Rxe3 26. Rd1 Rd8 27. Nf2 Rxd1+ 28. Nxd1 Re1+ 29. Kf2 Rxd1 0-1

[Event "EU-ch Hybrid U12"]
[Site "Tornelo INT"]
[Date "2021.10.15"]
[Round "2"]
[White "Dotzer, Lukas"]
[Black "Durovka, Marek"]
[Result "1-0"]
[WhiteElo "2042"]
[BlackElo "1702"]
[PlyCount "79"]
[EventDate "2021.10.15"]
[EventType "swiss"]
[EventRounds "9"]
[EventCountry "NET"]
[SourceTitle "EXT 2023"]
[Source "ChessBase"]
[SourceDate "2022.10.05"]
[SourceVersion "1"]
[SourceVersionDate "2022.10.05"]
[SourceQuality "1"]
[WhiteTeam "Austria"]
[BlackTeam "Slovakia"]
[WhiteTeamCountry "AUT"]
[BlackTeamCountry "SVK"]

1. e4 c5 2. Nc3 Nc6 3. Nge2 g6 4. g3 Bg7 5. Bg2 e6 6. 0-0 Nge7 7. d3 0-0 8. Bg5 h6 9. Be3 Nd4 10. Qd2 Kh7 11. f4 d5 12. Bf2 Nxe2+ 13. Qxe2 b6 14. g4 Bb7 15. e5 Qd7 16. Bg3 d4 17. Ne4 Nd5 18. f5 Ne3 19. f6 Nxf1 20. fxg7 Nxg3 21. gxf8N+ Rxf8 22. Nxg3 Bd5 23. Rf1 Qe7 24. Rf6 Rd8 25. Ne4 Bxe4 26. Qxe4 Rd5 27. Qf4 Rd7 28. Bc6 Rc7 29. Bb5 Rb7 30. Qe4 Rb8 31. Bc4 Rg8 32. h4 Kh8 33. Qf4 Kg7 34. h5 g5 35. Qe4 Re8 36. Bxe6 fxe6 37. Rg6+ Kh8 38. Rxh6+ Kg8 39. Qg6+ Qg7 40. Qxe8+ 1-0